00954nam a2200253Ia 450000500170000000800410001702000150005808200180007310000330009124501150012425000190023930000550025850000570031350400270037065000410039765000370043865000370047565000320051226400330054433600270057733700330060433800280063704000350066520220317000712.0160601s2004 ck a g 000 0 spa  a958962271204a658.404bM37d1 aMiranda Miranda, Juan José13aEl desafío de la gerencia de proyectos balcance, tiempo, presupuesto, calidad cJuan José Miranda Miranda a1a. edición  a283 páginas bilustraciones, gráficas c23 cm  aIncluye bibliografía e índice al final del texto aIncluye bibliografía142LEMBaAdministración de proyectos 142LEMBaEvaluación de proyectos 142LEMBaProyectos xElaboración 142LEMBaEconomía gerencia  aBogotá bMM Editoresc2004 atextobtxt2rdacontent asin mediaciónbn2rdamedia avolumenbnc2rdacarrier aCO-BoRNBPbspaerdacCO-BoRNBP